000 00843cab a2200265 4500
001 ABS54046
008 090401t1995 xxu||||| |||| 00| 0 eng d
035 _a(Sirsi) u8096
041 _aeng
100 _aKing, C.
245 _aBusiness and office parks: how will they succeed in a more conservative marketplace?
260 _c1995
350 _a0
490 _aNational Real Estate Investor
_v37(11) October 1995, 90-100(6)
520 _aLooks at the success of Technology Park in Atlanta and other business parks, with statistics on vacancy rates for major US cities.
650 _aATLANTA
650 _aBUSINESS PARKS
650 _aOFFICE PARKS
650 _aTECHNOLOGY PARKS
650 _aUNITED STATES
690 _aPROPERTY-COMMERCIAL PROPERTY
690 _aOVERSEAS-NORTH AMERICA
942 _n0
948 _c04/03/1997
999 _c4936
_d4936